|
|
|
|
| LEADER |
00596nam a22001811a 4500 |
| 020 |
|
|
|c 0.00
|
| 040 |
|
|
|a SSUS - Library - Kalady
|
| 082 |
|
|
|a 150
|b LEO/E
|
| 100 |
|
|
|a leo Postman
|
| 245 |
|
|
|a Experimental psychology : an introduction
|h [Text]
|
| 260 |
|
|
|a New Delhi
|b Srishti Publishers
|c 2008
|
| 300 |
|
|
|a 520p.
|
| 600 |
|
|
|a Psychology
|
| 700 |
|
|
|a James P Egan
|
| 852 |
|
|
|h 150
|i LEO/E
|p 072660
|9 1350.00
|t 0
|
| 942 |
|
|
|c BK
|
| 999 |
|
|
|c 14205
|d 14205
|
| 952 |
|
|
|0 0
|1 0
|4 0
|6 150_000000000000000_LEO_E
|7 0
|9 20318
|a SSUS
|b SSUS
|d 2015-01-08
|g 1350.00
|l 4
|o 150 LEO/E
|p 072660
|r 2019-03-16
|s 2019-02-19
|v 0.00
|w 2015-01-08
|y BK
|